مكتبة جامعة عجلون الوطنية

فهرس بحث المكتبة

Normal view MARC view
  • قدم له وأشرف على إختياره و تصحيحه أبو النصر،عمر

Entry Personal Name

Number of records used in: 1

001 - CONTROL NUMBER

  • control field: 15008

003 - CONTROL NUMBER IDENTIFIER

  • control field: JO-AjAnu

005 - DATE AND TIME OF LATEST TRANSACTION

  • control field: 20230606072708.0

008 - FIXED-LENGTH DATA ELEMENTS

  • fixed length control field: 230606|| aca||aabn | a|a d

040 ## - CATALOGING SOURCE

  • Original cataloging agency: JO-AjAnu
  • Transcribing agency: JO-AjAnu

100 ## - HEADING--PERSONAL NAME

  • Personal name: قدم له وأشرف على إختياره و تصحيحه أبو النصر،عمر

670 ## - SOURCE DATA FOUND

  • Source citation: Work cat.: (JO-AjAnu)7706: قدم له وأشرف على إختياره و تصحيحه أبو النصر،عمر, author, اللزوميات أو لزوم ما لا يلزم لأبي العلاء المعري شاعر الفلاسفة،وفيلسوف الشعراء